000 01378cam a22003374a 4500
001 13849476
003 NUST - PNEC
005 20170116180851.0
008 050125s2005 nyua 000 0 eng
010 _a 2005042046
020 _a0486442640
040 _cLIBRARY
041 1 _aeng
_hger
042 _apcc
050 0 0 _aQP475
_b.H48613 2005
082 0 0 _a612.84 HEL
_222
100 1 _aHelmholtz, Hermann von,
_d1821-1894.
240 1 0 _aHandbuch der physiologischen Optik.
_lEnglish
245 1 0 _aTreatise on physiological optics /
_cHermann von Helmholtz ; edited by James P.C. Southall.
250 _aDover ed.
260 _aMineola, NY :
_bDover Publications,
_c2005.
300 _a3 v. :
_bill. ;
_c23 cm.
440 0 _aDover phoenix editions
500 _a"An unabridged and corrected republication of the English translation of Handbuch der physiologischen Optik, originally published in 1924 by the Optical Society of America, Rochester, New York."
650 0 _aPhysiological optics.
_x-
700 1 _aSouthall, James P. C.
_q(James Powell Cocke),
_d1878-
856 4 2 _3Publisher description
_uhttp://www.loc.gov/catdir/enhancements/fy0624/2005042046-d.html
906 _a7
_bcbc
_corignew
_d1
_eocip
_f20
_gy-gencatlg
942 _2ddc
_cBK
999 _c64599
_d64599